00785nam a2200241Ia 45000010006000000050017000060070003000230080041000260400025000670410008000920820021001001000035001212450092001562500014002482600034002623000027002966530022003236530022003456530015003679420012003829520132003949990017005263198520240114001548.0ta060817s1922 a g b000 u 465 u aCotton College,Assam a465 a294.33bM 119 In aMcgovern, William Montgomery . 0aAn Introduction to Mahayana Buddhism /cWilliam Montgomery Mcgovern.hTextual Documents a1st ed. / aLondon :bKegan Paul ,c1922. a231p. :bill ;c22cm . aReligion-Buddhism aMahayana Buddhism aG-Religion 2ddccBK 001040708Circulation (G)aSKBLbSKBLd2012-02-01f00000l0o294.33 M 119 Inp675.563r2024-01-14 00:00:00t1w2012-02-01yBK c31967d31967